Female Singers by Picture - Statistics

General Stats
  • This quiz has been taken 2,798 times
  • The average score is 11 of 24
Answer Stats
Picture Answer % Correct
Beyonce
85%
Mariah Carey
85%
Madonna
81%
Rihanna
80%
Whitney Houston
80%
Cher
75%
Shakira
72%
Janet Jackson
65%
Tina Turner
60%
Rita Ora
48%
Diana Ross
47%
Barbra Streisand
42%
Cyndi Lauper
42%
Olivia Newton-John
35%
Paula Abdul
35%
Mary J. Blige
32%
Shania Twain
30%
Kelly Rowland
26%
Gloria Estefan
24%
Donna Summer
22%
Nelly Furtado
19%
Dusty Springfield
17%
Toni Braxton
15%
Linda Ronstadt
8%
No matching quizzes found
Score Distribution
Percent of People with Each Score
Percentile by Number Answered
Your Score History
You have not taken this quiz